|
|
|
|
| LEADER |
00811nab a2200205 i 4500 |
| 001 |
misc62111 |
| 005 |
20231016091649.0 |
| 008 |
230622s1970 hu o 0|| hun d |
| 040 |
|
|
|a SZTE Miscellanea Repozitórium
|b hun
|
| 041 |
|
|
|a hun
|
| 100 |
2 |
|
|a Róna-Tas András
|
| 245 |
1 |
3 |
|a Az altaji nyelvrokonság vizsgálatának alapjai
|h [elektronikus dokumentum] :
|b a nyelvrokonság elmélete és a csuvas-mongol nyelvviszony /
|c Róna-Tas András
|
| 260 |
|
|
|a Magyar Tudományos Akadémia
|b Budapest
|c 1970
|
| 300 |
|
|
|a 23 p.
|c 20 cm
|
| 561 |
|
|
|a Németh Gyula hagyaték
|
| 591 |
|
|
|a LOA 3208; NOA 5034; X 300049
|
| 650 |
|
4 |
|a Bölcsészettudományok
|
| 650 |
|
4 |
|a Nyelvek és irodalom
|
| 695 |
|
|
|a Altajisztika, Altaji nyelvek
|
| 856 |
4 |
0 |
|u http://misc.bibl.u-szeged.hu/62111/1/5034_noa.pdf
|z Dokumentum-elérés
|